Married with children episodes by picture 5 Quiz Stats

 Plays Quiz not verified by Sporcle

Also try: TV Bosses
Challenge
Share
Tweet
Score 0/12 Timer 06:00
0 Plays Today
Numbers Episode % Correct
2Route 666 part 2
75%
7Grime and Punishment
75%
9If Al Had a Hammer
75%
11Calendar Girl
75%
12Wabbit Season
75%
1No Chicken No Check
50%
4Who'll Stop the Rain
50%
5All in the Family
50%
8TRA Something-Something Spells Tramp
50%
3Johnny Be Gone
25%
6Can't Dance Don't Ask Me (aka Kelly's Dance)
25%
10A Man for No Seasons
0%

You're not logged in!

Compare scores with friends on all Sporcle quizzes.
Join for Free
OR
Log In

You Might Also Like...

Show Comments

Extras

Created Mar 20, 2013SourceReportNominate
Tags:children, episode, married

Top Quizzes Today


Score Distribution

Your Account Isn't Verified!

In order to create a playlist on Sporcle, you need to verify the email address you used during registration. Go to your Sporcle Settings to finish the process.

Report this User

Report this user for behavior that violates our Community Guidelines.

Details: